| 000 | 00000nam 2200000zi 4500 |
| 001 | 9.924924 |
| 003 | CaOODSP |
| 005 | 20230802122437 |
| 006 | m o d f |
| 007 | cr cn||||||||| |
| 008 | 230711t20232023qucbd ob f000 0 eng d |
| 020 | |a9780660494364 |
| 040 | |aCaOODSP|beng|erda|cCaOODSP |
| 041 | |aeng|beng|bfre |
| 043 | |an-cn--- |
| 086 | 1 |aFs97-18/357E-PDF |
| 100 | 1 |aBlais, Marjolaine, |eauthor. |
| 245 | 10|aChemical and biological oceanographic conditions in the estuary and Gulf of St. Lawrence during 2022 / |cMarjolaine Blais, Peter S. Galbraith, Stéphane Plourde and Caroline Lehoux. |
| 264 | 1|aMont-Joli, QC :|bFisheries and Oceans Canada, Québec Region, Maurice Lamontagne Institute, |c2023. |
| 264 | 4|c©2023 |
| 300 | |a1 online resource (v, 70 pages) : |bmaps, graphs. |
| 336 | |atext|btxt|2rdacontent |
| 337 | |acomputer|bc|2rdamedia |
| 338 | |aonline resource|bcr|2rdacarrier |
| 490 | 1 |aCanadian technical report of hydrography and ocean sciences, |x1488-5417 ; |v357 |
| 504 | |aIncludes bibliographical references (pages 19-21). |
| 546 | |aIncludes abstracts in English and French. |
| 650 | 0|aOceanography|zSaint Lawrence, Gulf of|vObservations. |
| 650 | 0|aOceanography|zQuébec (Province)|zSaint Lawrence River Estuary|vObservations. |
| 650 | 6|aOcéanographie|zSaint-Laurent, Golfe du|vObservations. |
| 650 | 6|aOcéanographie|zQuébec (Province)|zSaint-Laurent, Estuaire du|vObservations. |
| 710 | 1 |aCanada. |bDepartment of Fisheries and Oceans. |bQuebec Region, |eissuing body. |
| 710 | 2 |aMaurice Lamontagne Institute, |eissuing body. |
| 830 | #0|aCanadian technical report of hydrography and ocean sciences,|x1488-5417 ; |v357.|w(CaOODSP)9.504781 |
| 856 | 40|qPDF|s11.22 MB|uhttps://publications.gc.ca/collections/collection_2023/mpo-dfo/Fs97-18-357-eng.pdf |